| 000 | 01107cab a2200217 4500 | ||
|---|---|---|---|
| 001 | ABS68802 | ||
| 008 | 050329n2005 000 0 eng u | ||
| 035 | _a(Sirsi) u129191 | ||
| 100 | _aBurkinshaw, R. | ||
| 245 | _aWall base damp: is one horizontal damp-proof course sufficient dampness protection? | ||
| 260 | _c2005 | ||
| 490 |
_aJournal of Building Appraisal _v1(1) February 2005, 7-19(13) |
||
| 520 | _aConsiders three typical cases of wall base damp, where low-level penetrating dampness has caused problems above or below internal floor level. Many refurbished older buildings suffer damp damage as a result of unsatisfactory wall base detailing. Much time and expense is found to have been wasted when an otherwise successful project is seen to suffer early damp damage. Considers this type of damp problem much more common than true rising damp. References. [Taken from journal abstract]. | ||
| 590 | _aABS | ||
| 650 | _aDAMPNESS | ||
| 650 | _aRISING DAMP | ||
| 650 | _aDAMP-PROOF COURSE | ||
| 650 | _aBUILDING DEFECTS | ||
| 690 | _aBUILT ENVIRONMENT-BUILDING INSPECTION | ||
| 942 | _n0 | ||
| 999 |
_c74989 _d74989 |
||